| 000 | 00797cam a2200277 a 4500 | ||
|---|---|---|---|
| 008 | |||
| 020 | _a9780415581684 (pbk.) | ||
| 049 | _aMAIN | ||
| 090 |
_aPN4784.B75 _bTHO |
||
| 100 | 1 | _aThompson, Rick. | |
| 245 | 1 | 0 |
_aWriting for broadcast journalists / _cRick Thompson. |
| 250 | _a2nd ed. | ||
| 260 |
_aLondon : _bRoutledge, _c2010. |
||
| 300 |
_aviii, 192 p. ; _c25 cm. |
||
| 490 | 1 | _aMedia skills. | |
| 500 | _aIncludes index. | ||
| 504 | _aIncludes bibliographical references. | ||
| 650 | 0 |
_aBroadcast journalism _xAuthorship. |
|
| 650 | 0 | _aReporters and reporting. | |
| 650 | 0 | _aReport writing. | |
| 907 |
_a.b1032253x _b08-11-12 _c05-11-12 |
||
| 003 | |||
| 005 | 20230123125504.0 | ||
| 040 | _cNUST | ||
| 942 |
_cBOOKS _kPN4784.B75 _mTHO |
||
| 999 |
_c142401 _d142401 |
||